00786nam a2200205 a 450000100060000000300090000600800410001504000280005608200170008410000520010124500400015326000330019330000080022649000730023450501690030765000360047665000250051265000190053765000240055622539CO-ViMGA141112s2004 ck r 000 u spa d aCO-ViMGAbspacCO-ViMGA04a005.131 S3751 aSerna Ruíz, Antonio, Garcia Gil, Jose Vicente10aLógica digital y microprogramable aMadrid : bParaninfo, c2000 a277 aElectricidad - electrónica, Desarrollo de productos electrónicos aElectrónica digital y familias lógicas 1 - 9 - - Simplificación de funciones lógicas 25 - 30 - - Introducción a los sistemas microprogramables 121 - 135 14aCIRCUITOS LóGICOS - DISEÑOS14aELECTRONICA NUMeRICA14aLOGICA DIGITAL14aMICROPROGRAMACIóN